000 00385nam a2200157Ia 4500
008 230917s9999||||xx |||||||||||||| ||und||
020 _cDM102
040 _e10692
_aMAIN
041 _aEnglish
082 _a519.52 S74M
100 _aSarndal, Carl-Erik
245 0 _aModel assisted survey sampling
260 _aNew York
_bSpringer-Verlag
_c1992
300 _axv,694 p.
942 _cBK
999 _c76418
_d76418